000 00393 a2200145 4500
001 166284
020 _a
040 _cMagnum
100 _aHoffmann, Jussara
240 1 0 _aAvaliacao mediadora: uma pratica em construcao da pre-escola a univer.
_lpor
245 1 0 _aAvaliacao mediadora: uma pratica em construcao da pre-escola a univer.
362 0 _a1899
697 _aENSINO
942 _cBK
999 _c166284
_d166284